000 01203nam a2200313 i 4500
001 000005879
003 DO-SdBNP
005 20260302072037.0
007 ta
008 090824s1953 dr 001 0 spa d
040 _aDO-SdBNP
_bspa
_cBNPHU
_erda
041 _aspa
082 4 _a344.047293
_bR426L 1953
_222
110 1 _aRepública Dominicana.
_9447
240 1 0 _a[Leyes, etc.]
245 1 0 _aLegislación sanitaria dominicana y legislación sobre seguridad social /
_crecopilación y unificación realizada por el Dr. Hipólito Sánchez Báez.
250 _aSegunda edición
264 1 _aCiudad Trujillo, República Dominicana :
_bSecretaría de Estado de Salud Pública,
_c1953.
300 _a794 páginas :
_bilustraciones, retratos ;
_c24 cm.
336 _atexto
_btxt
_2rdacontent
337 _asin mediación
_bn
_2rdamedia
338 _avolumen
_bnc
_2rdacarrier
590 _ainventariado, 2023 / DG
650 4 _aSalud pública
_xLegislación
_zRepública Dominicana
_916564
650 4 _aSeguridad social
_xLegislación
_zRepública Dominicana
_914351
700 1 _aSánchez Báez, Hipólito,
_ecompilador
_4comp.
_916576
910 _aValidado. Control de calidad EMS
942 _2ddc
_cLBS1
999 _c5675
_d5675